00257nam a2200121Ia 4500008004100000082001300041100001900054245001500073250000800088260002300096300000800119650000800127191201s2006 xx 000 0 und d a658bSTM aStoner, Jamies 0aManagement a6th aN.DelhibPHIc2006 a630 aMBA